| 000 | 01436cam a2200361 i 4500 | ||
|---|---|---|---|
| 001 | 1999158 | ||
| 003 | EG-ScBUE | ||
| 005 | 20260120102000.0 | ||
| 008 | 900809t1990 enka f b 000 0 eng d | ||
| 020 | _a9780521407205 | ||
| 020 | _a0521407206 (paperback) | ||
| 040 |
_aDLC _beng _erda _cDLC _dDLC _dEG-ScBUE |
||
| 082 | 0 | 4 |
_a551.5253 _222 _bCLI |
| 245 | 0 | 0 |
_aClimate Change : _bthe IPCC scientific assessment / _cedited by J.T. Houghton, G.J. Jenkins, and J.J. Ephraums. |
| 264 | 1 |
_aCambridge ; _aNew York : _bCambridge University Press, _c[1990] |
|
| 264 | 4 | _cc1990 | |
| 300 |
_axxxix, 364 pages : _billustrations (some color) ; _c31 cm |
||
| 336 |
_2rdacontent _atext _btxt |
||
| 337 |
_aunmediated _2rdamedia _bn |
||
| 338 |
_avolume _bnc _2rdacarrier |
||
| 500 | _a"Report prepared for IPCC by Working Group 1"--7th prelim. p. | ||
| 500 | _a"Published for the Intergovernmental Panel on Climate Change." | ||
| 504 | _aIncludes bibliographical references. | ||
| 650 | 7 |
_aClimatic changes. _2BUEsh _97437 |
|
| 650 | 7 |
_aGreenhouse gases _xEnvironmental aspects. _2BUEsh _97438 |
|
| 650 | 7 |
_aGreenhouse effect, Atmospheric. _2BUEsh _97439 |
|
| 655 | _vReading book | ||
| 700 | 1 |
_aHoughton, John Theodore, _eeditor. _97440 |
|
| 700 | 1 |
_aJenkins, G. J. _q(Geoffrey J.) _eeditor. _97441 |
|
| 700 | 1 |
_aEphraums, J. J., _eeditor. _97442 |
|
| 710 | 2 |
_aIntergovernmental Panel on Climate Change. _bWorking Group I. _97443 |
|
| 942 |
_2ddc _cBB |
||
| 999 |
_c12169 _d12169 |
||